[Event "AUTO-OPEN-1182"]
[Site "http://www.queenalice.com/game.php?id=427196"]
[Date "2008.7.4"]
[Round "1"]
[White "Speks"]
[Black "MusicMan"]
[Result "1-0"]
[WhiteElo "1100"]
[BlackElo "1558"]

1. e4 d5 2. e5 c5 3. d4 cxd4 4. Qxd4 Nc6 5. Qf4 a6 6. Nf3 h6 7. Nd4 e6 8. Nc3
Nge7 9. Bd3 Nb4 10. Be2 Nf5 11. O-O Nxd4 12. Bh5 g6 13. Bd1 Ndxc2 14. Bxc2 Nxc2
15. Rb1 d4 16. Ne4 Be7 17. h3 Bc5 18. Nxc5 Qa5 19. Ne4 Rh7 20. Nf6+ Kd8 21. Nxh7
f5 22. exf6 Qf5 23. Qd2 e5 24. Qa5+ Kd7 25. Qd5+ Kc7 26. f7 Be6 27. Qc5+ 1-0

[Event "AUTO-OPEN-1182"]
[Site "http://www.queenalice.com/game.php?id=427217"]
[Date "2008.7.4"]
[Round "1"]
[White "Speks"]
[Black "yanpom"]
[Result "0-1"]
[WhiteElo "1100"]
[BlackElo "1916"]

1. e4 e5 2. Nf3 Nc6 3. Nc3 Nf6 4. Bc4 Bc5 5. O-O O-O 6. d3 h6 7. a3 d6 8. b4 Bb6
9. h3 Nh5 10. b5 Nd4 11. a4 a6 12. bxa6 bxa6 13. a5 Ba7 14. Nxd4 Ng3 15. Re1
Bxd4 16. Bb2 Qf6 17. Kh2 Qxf2 18. Rb1 Qf4 19. Nd5 Nf1+ 20. Kh1 Qh2# 0-1

[Event "AUTO-OPEN-1182"]
[Site "http://www.queenalice.com/game.php?id=427218"]
[Date "2008.7.4"]
[Round "1"]
[White "yanpom"]
[Black "Speks"]
[Result "1-0"]
[WhiteElo "1906"]
[BlackElo "1100"]

1. e4 e5 2. Nf3 Nc6 3. Bc4 Nf6 4. d3 Bb4+ 5. c3 Bc5 6. d4 exd4 7. cxd4 Nxe4 8.
dxc5 Na5 9. Bb3 O-O 10. O-O d6 11. cxd6 Qxd6 12. Qxd6 cxd6 13. Re1 Bf5 14. Nbd2
Rae8 15. Nxe4 Bxe4 16. Ng5 Bd5 17. Rxe8 Rxe8 18. Be3 Bxb3 19. axb3 Nxb3 20. Rxa7
h6 21. Nf3 b5 22. Rb7 Re5 23. h3 Na5 24. Rb8+ Kh7 25. Nxe5 dxe5 26. Rxb5 Nc4 27.
b3 1-0

[Event "AUTO-OPEN-1182"]
[Site "http://www.queenalice.com/game.php?id=427219"]
[Date "2008.7.4"]
[Round "1"]
[White "Speks"]
[Black "crawfb5"]
[Result "0-1"]
[WhiteElo "1148"]
[BlackElo "1878"]

1. d4 Nf6 2. Bg5 e6 3. Nf3 h6 4. Bxf6 Qxf6 5. a3 d5 6. e3 c5 7. Bb5+ Bd7 8. Nc3
Nc6 9. dxc5 Bxc5 10. Na4 Be7 11. c3 O-O 12. O-O Ne5 13. Nxe5 Bxb5 14. Qd4 Bxf1
15. Rxf1 Bd6 16. Nd7 Qxd4 17. cxd4 Rfc8 18. h3 b6 19. b4 f6 20. Nc3 Rxc3 0-1

[Event "AUTO-OPEN-1182"]
[Site "http://www.queenalice.com/game.php?id=427220"]
[Date "2008.7.4"]
[Round "1"]
[White "crawfb5"]
[Black "Speks"]
[Result "1-0"]
[WhiteElo "1831"]
[BlackElo "1148"]

1. e4 e5 2. Nf3 Nc6 3. Bb5 Bc5 4. O-O Nf6 5. c3 O-O 6. d4 exd4 7. cxd4 Nxd4 8.
Nxd4 Nxe4 9. Be3 c6 10. Bd3 d5 11. Qc2 Bf5 12. Nxf5 Bxe3 13. Nxe3 Nf6 14. Nd2 d4
15. Nf5 Ng4 16. Nf3 c5 17. Rfe1 Rb8 18. Qxc5 b6 19. Qxd4 h6 20. Qxg7# 1-0

[Event "AUTO-INT-967"]
[Site "http://www.queenalice.com/game.php?id=433792"]
[Date "2008.7.15"]
[Round "1"]
[White "catfishcore"]
[Black "Speks"]
[Result "1-0"]
[WhiteElo "1479"]
[BlackElo "1273"]

1. Nf3 Nc6 2. g3 e5 3. e4 Bc5 4. a3 h6 5. c3 d6 6. Bb5 Bd7 7. b4 a6 8. bxc5 axb5
9. cxd6 cxd6 10. O-O Nf6 11. d3 Bg4 12. Nbd2 Qb6 13. Kg2 O-O 14. Rb1 1-0

[Event "AUTO-INT-967"]
[Site "http://www.queenalice.com/game.php?id=433793"]
[Date "2008.7.15"]
[Round "1"]
[White "Speks"]
[Black "catfishcore"]
[Result "0-1"]
[WhiteElo "1263"]
[BlackElo "1487"]

1. e4 e5 2. Nf3 Nc6 3. Nc3 d6 4. Bb5 Be7 5. Bxc6+ bxc6 6. h3 Bf6 7. O-O Be6 8.
d4 exd4 9. Nxd4 Bc4 10. Re1 c5 11. b3 Ba6 12. Ncb5 cxd4 13. a4 Be5 0-1

[Event "AUTO-INT-967"]
[Site "http://www.queenalice.com/game.php?id=433810"]
[Date "2008.7.15"]
[Round "1"]
[White "Speks"]
[Black "mg23campos"]
[Result "1-0"]
[WhiteElo "1251"]
[BlackElo "1834"]

1. e4 e5 2. Nf3 Nc6 3. Bc4 h6 4. O-O Qf6 5. h3 d6 6. Nc3 Qg6 7. Kh2 Qh5 8. g4
Bxg4 9. Be2 Bxh3 10. Ng1 Bxf1+ 11. Bxh5 Bc4 12. Qf3 O-O-O 13. d3 Nd4 14. Qg4+
Be6 15. Qg3 Nf6 16. Bd1 g5 17. Be3 g4 18. Bxd4 exd4 19. Nd5 Be7 20. Nxe7+ Kd7
21. Nd5 Nxd5 22. exd5 Bxd5 23. Bxg4+ Kc6 24. Qf4 h5 25. Bh3 Rdf8 26. Qxd4 f5 27.
Bxf5 h4 28. Be4 Bxe4 29. Qxe4+ d5 30. Qa4+ Kd6 31. Qxa7 Rf4 32. Nh3 Rf6 33. Qd4
Rhf8 34. Re1 c5 35. Qg4 b6 36. Ng5 Rxf2+ 37. Kg1 h3 38. Nxh3 R2f5 39. c4 d4 40.
Qg6+ R5f6 41. Qg3+ Kd7 42. Qe5 Kc8 43. Qd5 Rg6+ 44. Kh2 Rh6 45. Qg2 Rfh8 46. Re7
Kd8 47. Rg7 Rxh3+ 48. Qxh3 Rxh3+ 49. Kxh3 Kc8 50. a3 Kb8 51. b4 b5 52. cxb5 c4
53. dxc4 d3 54. Rg2 Kc7 55. Rd2 1-0

[Event "AUTO-INT-967"]
[Site "http://www.queenalice.com/game.php?id=433811"]
[Date "2008.7.15"]
[Round "1"]
[White "mg23campos"]
[Black "Speks"]
[Result "1-0"]
[WhiteElo "1793"]
[BlackElo "1255"]

1. e4 e5 2. Nf3 Nc6 3. Bc4 Bc5 4. d3 h6 5. Nc3 Nf6 6. Na4 d6 7. c3 a6 8. b4 b5
9. Bd5 Bd7 10. bxc5 bxa4 11. cxd6 cxd6 12. Ba3 Qc7 13. Nh4 Rc8 14. g4 Bxg4 15.
f3 Bh5 16. Nf5 O-O 17. Rg1 g5 18. h4 Qa5 19. Rc1 Nxd5 20. hxg5 Bg6 21. gxh6 Nxc3
22. Qd2 Nd4 23. h7+ Kh8 24. Qh6 Nxf3+ 25. Kf2 Nxg1 26. Qg7# 1-0

[Event "AUTO-INT-967"]
[Site "http://www.queenalice.com/game.php?id=433812"]
[Date "2008.7.15"]
[Round "1"]
[White "Speks"]
[Black "carlos31"]
[Result "0-1"]
[WhiteElo "1307"]
[BlackElo "1913"]

1. e4 c5 2. Bc4 Nc6 3. Nf3 d6 4. h3 Nf6 5. Nc3 e6 6. O-O d5 7. exd5 exd5 8. Bb5
Bd7 9. d4 cxd4 10. Nxd4 Nxd4 11. Qxd4 Bxb5 12. Nxb5 b6 13. Bg5 Be7 14. Qc3 O-O
15. Bxf6 Bxf6 16. Qb3 d4 17. Rad1 a6 18. Na3 Re8 19. Nc4 b5 20. Ne3 Be5 21. Rfe1
Qg5 22. Ng4 Re7 23. Qd5 Rae8 24. Nxe5 Rxe5 25. Rxe5 Qxe5 26. Qxe5 Rxe5 27. Rxd4
Kf8 28. Rd2 Ke7 29. b3 b4 30. Kf1 f5 31. f4 Re4 32. g3 h6 33. Rd5 g6 34. Ra5 Re6
35. Ra4 Rb6 36. g4 Kd6 37. gxf5 gxf5 38. Ra5 Ke6 39. h4 h5 40. Ke2 Rd6 41. Ra4
Rb6 42. Kd3 Rc6 43. Rxb4 Kd5 44. c4+ Kc5 45. Ra4 Kd6 46. Kd4 Ke6 47. Ra5 Rb6 48.
Kc5 Rd6 49. a4 Kd7 50. b4 Ke6 51. b5 axb5 0-1

[Event "AUTO-INT-967"]
[Site "http://www.queenalice.com/game.php?id=433813"]
[Date "2008.7.15"]
[Round "1"]
[White "carlos31"]
[Black "Speks"]
[Result "1-0"]
[WhiteElo "1830"]
[BlackElo "1281"]

1. e4 e5 2. Nf3 Nc6 3. Bb5 a6 4. Bxc6 bxc6 5. O-O Nf6 6. Nxe5 Nxe4 7. Re1 d5 8.
f3 Bd6 9. Nxc6 Qh4 10. h3 Qg3 11. fxe4 Bxh3 12. exd5+ Kd7 13. Qf3 Qxe1+ 14. Qf1
Qg3 15. d3 Bf5 16. Qxf5+ Ke8 17. Bd2 Bc5+ 18. d4 Bxd4+ 19. Nxd4 Qh4 20. Nc3
Qxd4+ 21. Kh1 Qxd2 22. Rd1 Qh6+ 23. Kg1 Qb6+ 24. Kf1 Qxb2 25. Qe5+ Kd8 26. Qxg7
Re8 27. d6 cxd6 28. Rxd6+ Kc8 29. Qxf7 Qc1+ 30. Rd1 Qe3 31. Qd7+ Kb8 32. Rb1+
Qb6 33. Rxb6# 1-0

[Event "AUTO-OPEN-1198"]
[Site "http://www.queenalice.com/game.php?id=433885"]
[Date "2008.7.16"]
[Round "1"]
[White "turker_dilber"]
[Black "Speks"]
[Result "1-0"]
[WhiteElo "1986"]
[BlackElo "1294"]

1. d4 d5 2. c4 e6 3. Nc3 Bb4 4. Nf3 Bxc3+ 5. bxc3 Nf6 6. Bg5 h6 7. Bh4 Nbd7 8.
e3 c6 9. Ne5 O-O 10. Nxd7 Bxd7 11. Qb3 Qe7 12. Bd3 e5 13. cxd5 cxd5 14. Bxf6
Qxf6 15. Qxd5 Bc6 16. Qxe5 Qxe5 17. dxe5 Bxg2 18. Rg1 Bh3 19. Ke2 Rac8 20. c4
Rfe8 21. f4 a6 22. Rac1 b5 23. cxb5 axb5 24. Bxb5 Rxc1 25. Rxc1 Rb8 26. a4 Be6
27. h4 h5 28. Rc5 Bg4+ 29. Kf2 Rd8 30. a5 Bd7 31. Bxd7 Rxd7 32. a6 Ra7 33. Rc6
Kf8 34. f5 1-0

[Event "AUTO-OPEN-1198"]
[Site "http://www.queenalice.com/game.php?id=433886"]
[Date "2008.7.16"]
[Round "1"]
[White "Speks"]
[Black "turker_dilber"]
[Result "0-1"]
[WhiteElo "1255"]
[BlackElo "1966"]

1. d4 d5 2. Nf3 c6 3. Bf4 Nf6 4. a3 e6 5. e3 Nbd7 6. Bd3 c5 7. O-O Be7 8. b4
cxb4 9. axb4 Bxb4 10. c3 Ba5 11. Bb5 Bc7 12. Bxc7 Qxc7 13. Ne5 O-O 14. h3 Nxe5
15. dxe5 Qxe5 16. Bd3 b6 17. c4 Qxa1 18. cxd5 Nxd5 19. Be4 Bb7 20. Nc3 Qxd1 21.
Rxd1 Nxc3 0-1

[Event "AUTO-OPEN-1198"]
[Site "http://www.queenalice.com/game.php?id=433913"]
[Date "2008.7.16"]
[Round "1"]
[White "grazo"]
[Black "Speks"]
[Result "1-0"]
[WhiteElo "1819"]
[BlackElo "1255"]

1. c4 e6 2. a3 d5 3. cxd5 exd5 4. d4 Nf6 5. e3 Bg4 6. f3 Bh5 7. Qa4+ c6 8. h4
Bd6 9. g4 Bg6 10. Nc3 O-O 11. h5 b5 12. Qd1 Bg3+ 13. Kd2 Qa5 14. b4 Qc7 15. f4
Be4 16. Nf3 Nxg4 17. Qe2 Nd7 18. Rg1 Bh2 19. Rxg4 Nf6 20. Nxh2 Nxg4 21. Qxg4 h6
22. Nxe4 dxe4 23. Bb2 f6 24. Qe6+ Kh8 25. Qxe4 Rae8 26. Qg6 Qe7 27. Re1 Qe6 28.
Bd3 Kg8 29. Ng4 f5 30. Nxh6+ Kh8 31. Nxf5 Qa2 32. Qxg7# 1-0

[Event "AUTO-OPEN-1198"]
[Site "http://www.queenalice.com/game.php?id=433914"]
[Date "2008.7.16"]
[Round "1"]
[White "Speks"]
[Black "grazo"]
[Result "1-0"]
[WhiteElo "1255"]
[BlackElo "1933"]

1. e4 d6 2. d4 Nd7 3. d5 c6 4. Nc3 g6 5. Be3 c5 6. Nf3 h6 7. Bb5 Bg7 8. O-O a6
9. Bxd7+ Bxd7 10. h3 f5 11. Nh4 Kf7 12. exf5 gxf5 13. Qh5+ Kf6 14. Qf3 Qc8 15.
Rae1 e5 16. dxe6 Bxe6 17. Qg3 Qe8 18. Bf4 Bf8 19. Nd5+ Bxd5 20. Rxe8 Rxe8 21.
Qg6+ Ke7 22. Qxd6+ Kf7 23. Qxd5+ Kg7 24. Qd7+ Be7 25. Qxe8 Bxh4 26. Be5+ Nf6 27.
Qe7+ Kg6 28. Bxf6 Bxf6 29. Qxb7 f4 30. f3 Bd4+ 31. Kh1 Rf8 32. Qxa6+ Rf6 33. Qc4
h5 34. Re1 Be3 35. Rd1 Kg5 36. Qg8+ Kh6 37. Rd7 Rg6 38. Qh8+ Kg5 39. Rd5+ Kh4
40. Qxh5+ Kg3 41. Qxg6+ 1-0

[Event "AUTO-OPEN-1198"]
[Site "http://www.queenalice.com/game.php?id=433931"]
[Date "2008.7.16"]
[Round "1"]
[White "vishnu"]
[Black "Speks"]
[Result "1-0"]
[WhiteElo "1640"]
[BlackElo "1286"]

1. e4 e5 2. Nf3 Nc6 3. Bb5 Nd4 4. Nxd4 exd4 5. O-O a6 6. Bc4 b5 7. Bb3 d6 8. Qf3
Nh6 9. d3 Bg4 10. Qg3 Qf6 11. Bxh6 Be2 12. Re1 Qxh6 13. f3 Qd2 14. Nxd2 1-0

[Event "AUTO-OPEN-1198"]
[Site "http://www.queenalice.com/game.php?id=433932"]
[Date "2008.7.16"]
[Round "1"]
[White "Speks"]
[Black "vishnu"]
[Result "0-1"]
[WhiteElo "1298"]
[BlackElo "1694"]

1. e4 e5 2. Nf3 Nc6 3. Bb5 Nf6 4. O-O a6 5. Bxc6 dxc6 6. Nxe5 Be7 7. d3 O-O 8.
Bg5 h6 9. Bxf6 Bxf6 10. d4 c5 11. c3 cxd4 12. cxd4 c5 13. Nf3 Bg4 14. e5 Be7 15.
h3 Bh5 16. Qd3 c4 17. Qf5 Bg6 18. Qf4 b5 19. Nc3 f6 20. Qg4 Qe8 21. Nd5 Rd8 22.
Nc7 Qd7 23. Qxg6 Qxc7 24. Nd2 Rxd4 25. Nf3 Rd5 26. Qe4 Rfd8 27. exf6 Bxf6 28.
Rab1 a5 29. Rbc1 Bxb2 30. Rc2 c3 31. Rb1 b4 32. Rbxb2 Rd1+ 33. Ne1 cxb2 34. Rxc7
b1=Q 35. Qxb1 Rxb1 36. Re7 Kf8 37. Re5 Rdd1 38. Kf1 a4 39. g4 b3 0-1

[Event "yanpom"]
[Site "http://www.queenalice.com/game.php?id=466833"]
[Date "2008.9.22"]
[Round "1"]
[White "Speks"]
[Black "micha"]
[Result "0-1"]
[WhiteElo "1300"]
[BlackElo "1890"]

1. e4 e5 2. Nf3 Bd6 3. Nc3 Nf6 4. a3 Nc6 5. Bc4 h6 6. h3 Bc5 7. b4 Bd6 8. d3 a6
9. O-O O-O 10. Be3 b5 11. Bd5 Bb7 12. Bxc6 Bxc6 13. d4 Nxe4 14. Nxe4 Bxe4 15.
dxe5 Bxf3 16. Qxf3 Bxe5 17. Rae1 Qf6 18. Qd5 Bd6 19. Bc5 Rfd8 20. Bxd6 Qxd6 21.
Qf3 c6 22. Rd1 Qg6 23. c3 d5 24. Qe3 Re8 25. Qb6 Qf6 26. Rd3 Qd6 27. Qb7 Reb8
28. Qxb8+ Rxb8 29. Ra1 Re8 30. a4 Qg6 31. Rg3 Qc2 32. axb5 axb5 0-1